00457 2200169 4500245005600000020002200056250001100078700001900089650002100108005001900129260005200148041001400200084001000214300002000224490003400244336000900278 aKisah Beruk dan Hewan LainnyacSastri SunartihText a978-623-00-3030-7 aCet. 1 aSastri Sunarti aCerita Bergambar a20241029143431 aJakatabPenerbit PT elex media Komputindoc2021 aIndonesia a741.5 a34 hlm :bpdf ; aSeri Antologi Fabe; Nusantara atext